<?xml version="1.0" encoding="UTF-8"?>
<record
    xmlns:xsi="http://www.w3.org/2001/XMLSchema-instance"
    xsi:schemaLocation="http://www.loc.gov/MARC21/slim http://www.loc.gov/standards/marcxml/schema/MARC21slim.xsd"
    xmlns="http://www.loc.gov/MARC21/slim">

  <leader>00852nam a2200217Ia 4500</leader>
  <controlfield tag="003">IN-BaIIA</controlfield>
  <controlfield tag="008">211028s9999    xx            000 0 eng d</controlfield>
  <datafield tag="020" ind1=" " ind2=" ">
    <subfield code="a">0-7354-0201-9</subfield>
  </datafield>
  <datafield tag="040" ind1=" " ind2=" ">
    <subfield code="c">IIA Library</subfield>
  </datafield>
  <datafield tag="080" ind1=" " ind2=" ">
    <subfield code="a">524.354(082.2)</subfield>
    <subfield code="b">NEU</subfield>
  </datafield>
  <datafield tag="111" ind1=" " ind2=" ">
    <subfield code="a">Workshop on Neutrino Factories and Superbeams</subfield>
    <subfield code="n">5th</subfield>
    <subfield code="c">USA</subfield>
    <subfield code="d">2003 June 5 -11</subfield>
    <subfield code="9">29402</subfield>
  </datafield>
  <datafield tag="245" ind1=" " ind2="0">
    <subfield code="a">Neutrino factories and superbeams</subfield>
    <subfield code="b">5th International workshop on neutrino factories and superbeams held in New York, USA, 5 - 11 June 2003</subfield>
    <subfield code="c">edited by Adam Para                                            </subfield>
  </datafield>
  <datafield tag="260" ind1=" " ind2=" ">
    <subfield code="a">Melville</subfield>
    <subfield code="b">American Institute of Physics</subfield>
    <subfield code="c">2004</subfield>
  </datafield>
  <datafield tag="300" ind1=" " ind2=" ">
    <subfield code="a">xi, 485p.</subfield>
  </datafield>
  <datafield tag="490" ind1=" " ind2=" ">
    <subfield code="a">AIP conference proceedings; v. 721</subfield>
  </datafield>
  <datafield tag="650" ind1=" " ind2=" ">
    <subfield code="a">Neutrino</subfield>
  </datafield>
  <datafield tag="650" ind1=" " ind2=" ">
    <subfield code="a">Superbeams</subfield>
    <subfield code="9">29403</subfield>
  </datafield>
  <datafield tag="700" ind1=" " ind2=" ">
    <subfield code="a">Para, Adam., ed.</subfield>
    <subfield code="9">29404</subfield>
  </datafield>
  <datafield tag="710" ind1=" " ind2=" ">
    <subfield code="a">American Institute of Physics    </subfield>
    <subfield code="9">2416</subfield>
  </datafield>
  <datafield tag="942" ind1=" " ind2=" ">
    <subfield code="c">BK</subfield>
  </datafield>
  <datafield tag="999" ind1=" " ind2=" ">
    <subfield code="c">15930</subfield>
    <subfield code="d">15930</subfield>
  </datafield>
  <datafield tag="952" ind1=" " ind2=" ">
    <subfield code="0">0</subfield>
    <subfield code="1">0</subfield>
    <subfield code="4">0</subfield>
    <subfield code="7">0</subfield>
    <subfield code="a">BAN</subfield>
    <subfield code="b">BAN</subfield>
    <subfield code="c">GEN</subfield>
    <subfield code="d">2005-07-19</subfield>
    <subfield code="e">EDS   </subfield>
    <subfield code="g">11552.25</subfield>
    <subfield code="l">0</subfield>
    <subfield code="o">524.354(082.2)/ NEU</subfield>
    <subfield code="p">16852</subfield>
    <subfield code="r">2021-11-05</subfield>
    <subfield code="v">11552.25</subfield>
    <subfield code="w">2005-07-19</subfield>
    <subfield code="y">BK</subfield>
    <subfield code="G">Rs. 11552.25  </subfield>
  </datafield>
</record>
